Online
Catalog

Estructuras de datos en C / (Record no. 22554)

MARC details
000 -CABECERA
campo de control de longitud fija 01084nam a2200277 a 4500
001 - NÚMERO DE CONTROL
campo de control 000023057
005 - FECHA Y HORA DE LA ÚLTIMA TRANSACCIÓN
campo de control 20200930021947.0
008 - DATOS DE LONGITUD FIJA--INFORMACIÓN GENERAL
campo de control de longitud fija 101125s1993 mx a 000 0 spa d
020 ## - NÚMERO INTERNACIONAL ESTÁNDAR DEL LIBRO
Número Internacional Estándar del Libro 9688802565
040 ## - FUENTE DE LA CATALOGACIÓN
Centro catalogador/agencia de origen DO-SdBNP
Lengua de catalogación spa
Centro/agencia transcriptor BNPHU
082 ## - NÚMERO DE LA CLASIFICACIÓN DECIMAL DEWEY
Número de clasificación 005.133
Número de documento/Ítem T292e
049 ## - FONDOS LOCALES (OCLC)
Fondos de biblioteca BNGR
100 1# - ENTRADA PRINCIPAL--NOMBRE DE PERSONA
Nombre de persona Tenenbaum, Aaron M.
9 (RLIN) 47457
240 10 - TÍTULO UNIFORME
Título uniforme Data structures using C.
Lenguaje de la obra Español
245 10 - MENCIÓN DE TÍTULO
Título Estructuras de datos en C /
Mención de responsabilidad, etc. Aaron M. Tenenbaum, Yedidyah Langsam, Moshe J. Augenstein, traducción de Javier Pulido Cejudo ; revisión técnica de Raymundo Hugo Rangel Gutiérrez.
260 ## - PUBLICACIÓN, DISTRIBUCIÓN, ETC.
Lugar de publicación, distribución, etc. México :
Nombre del editor, distribuidor, etc. Prentice-Hall Hispanoamericana,
Fecha de publicación, distribución, etc. 1993.
300 ## - DESCRIPCIÓN FÍSICA
Extensión xiv, 696 p. :
Otras características físicas il. ;
Dimensiones 23 cm.
534 ## - NOTA SOBRE LA VERSIÓN ORIGINAL
Encabezamiento principal del original Título original :
Mención de título del original Data structures using C
650 #4 - PUNTO DE ACCESO ADICIONAL DE MATERIA--TÉRMINO DE MATERIA
Término de materia o nombre geográfico como elemento de entrada C (lenguaje de programación para computadores)
9 (RLIN) 47458
650 #4 - PUNTO DE ACCESO ADICIONAL DE MATERIA--TÉRMINO DE MATERIA
Término de materia o nombre geográfico como elemento de entrada Estructura de datos (computadores)
9 (RLIN) 43946
700 1# - PUNTO DE ACCESO ADICIONAL--NOMBRE DE PERSONA
Nombre de persona Langsam, Yedidyah
9 (RLIN) 47459
700 1# - PUNTO DE ACCESO ADICIONAL--NOMBRE DE PERSONA
Nombre de persona Augenstein, Moshe J.
9 (RLIN) 47460
700 1# - PUNTO DE ACCESO ADICIONAL--NOMBRE DE PERSONA
Nombre de persona Pulido Cejudo, Javier,
Término indicativo de función/relación tr.
9 (RLIN) 47461
700 1# - PUNTO DE ACCESO ADICIONAL--NOMBRE DE PERSONA
Nombre de persona Rangel Gutiérrez, Raymundo Hugo,
Término indicativo de función/relación rev.
9 (RLIN) 47293
910 ## - DATOS DE OPCIÓN DEL USUARIO (OCLC)
Datos de opción del usuario WM
Holdings
Estado de retiro Estado de pérdida Restricciones de uso No para préstamo Código de colección Localización permanente Ubicación/localización actual Ubicación en estantería Fecha de adquisición Número de inventario Total de préstamos Signatura topográfica completa Código de barras Fecha visto por última vez Precio válido a partir de Tipo de ítem Koha Número de copia
        Monografías: Libros y Folletos General General Depósito 25.11.2010 LF1   005.133 T292e 23057-10 25.06.2020 25.06.2020 Préstamo en sala  
      Préstamo restrigido Monografías: Libros y Folletos General General Depósito 25.11.2010 LF1   005.133 T292e 23057-20 25.06.2020 25.06.2020 Préstamo en sala e.2

Powered by Koha